01427nam a2200337Ia 4500001001200000003000800012006001900020007001500039008004100054020001800095020001700113040002100130035002100151050002500172100001700197245015200214260005100366300003000417504005100447533015200498650006000650650005300710651004300763651003000806655002900836700001700865710004500882710001700927856012600944999001901070ebr10172685CaPaEBRm u cr cn|||||||||050523s2005 nyuab sb 001 0 eng d z9780814747858 z081474785X : aCaPaEBRcCaPaEBR a(OCoLC)19195339214aF128.18b.K36 2005eb1 aKamil, Seth.14aThe Big Onion guide to Brooklynh[electronic resource] :bten historic walking tours /cSeth Kamil and Eric Wakin ; with a foreword by Kevin Baker. aNew York :bNew York University Press,cc2005. aix, 301 p. :bill., maps. aIncludes bibliographical references and index. aElectronic reproduction.bPalo Alto, Calif. :cebrary,d2009.nAvailable via World Wide Web.nAccess may be limited to ebrary affiliated libraries. 0aHistoric siteszNew York (State)zNew YorkvGuidebooks. 0aWalkingzNew York (State)zNew YorkvGuidebooks. 0aBrooklyn (New York, N.Y.)vGuidebooks. 0aNew York (N.Y.)xHistory. 7aElectronic books.2local1 aWakin, Eric.2 aBig Onion Walking Tours (New York, N.Y.)2 aebrary, Inc.40uhttp://site.ebrary.com/lib/rucke/Doc?id=10172685zAn electronic book accessible through the World Wide Web; click to view c248857d248857